El legado pedagógico del siglo XX para la escuela del siglo XXI
Wedi'i Gadw mewn:
| Prif Awduron: | , , , , , , , , , , , , , , , , , |
|---|---|
| Fformat: | Llyfr |
| Iaith: | Sbaeneg |
| Cyhoeddwyd: |
Barcelona
Graó
2005
|
| Rhifyn: | 3a. ed |
| Cyfres: | Historia de la Educación, 159
|
| Pynciau: | |
| Tagiau: |
Ychwanegu Tag
Dim Tagiau, Byddwch y cyntaf i dagio'r cofnod hwn!
|
MARC
| LEADER | 00000nam a2200000 a 4500 | ||
|---|---|---|---|
| 001 | UCI1261 | ||
| 003 | CL-VaPUC | ||
| 008 | 070622e20050000SP |||||||||||||||||spa|d | ||
| 020 | |a 8478272569 | ||
| 082 | 0 | 4 | |a 370.904 |b TRI |2 21 |
| 100 | 0 | |a Trilla Bernet, Jaume |e author |9 521651 | |
| 700 | |a González Monteagudo, José |e author |9 521652 | ||
| 700 | 0 | |a Solà Gussinyer, Pere |e author |9 521653 | |
| 700 | 0 | |a Pla Molins, María |e author |9 521654 | |
| 700 | 0 | |a Cano García, Elena |e author |9 521655 | |
| 700 | 0 | |a Lorenzo Ramírez, Núria |e author |9 521656 | |
| 700 | 0 | |a Muset Adel, Margarida |e author |9 521657 | |
| 700 | 0 | |a Puig Rovira, Josep María |e author |9 521658 | |
| 700 | 0 | |a Fairstein, Gabriela |e author |9 521659 | |
| 700 | 0 | |a Carretero Rodríguez, Mario |e author |9 521660 | |
| 700 | 0 | |a Vila Mendiburu, Ignasi |e author |9 521661 | |
| 700 | |a Gros Salvat, Begoña |e author |9 583518 | ||
| 700 | |a Imbernón Muñoz, Francisco |e author |9 558233 | ||
| 700 | 0 | |a Tort Bardolet, Antoni |e author |9 521664 | |
| 700 | 0 | |a Rodríguez Illera, José Luis |e author |9 521665 | |
| 700 | 0 | |a Escofet Roig, Anna |e author |9 521666 | |
| 700 | 0 | |a Fernández Fernández, José Antonio |e author |9 521667 | |
| 700 | 0 | |a Pujol-Busquets, Jordi Monés |e author |9 521668 | |
| 245 | 1 | 3 | |a El legado pedagógico del siglo XX para la escuela del siglo XXI |
| 250 | |a 3a. ed | ||
| 300 | |a 360 p | ||
| 942 | |c BK | ||
| 945 | |d 20070622 00:00:00 |a jtorresc | ||
| 260 | |a Barcelona |b Graó |c 2005 | ||
| 650 | 0 | |a Historia de la educación |9 257642 | |
| 650 | 0 | |a Filosofía de la educación |9 258384 | |
| 650 | 7 | |a EDUCACION SIGLO 20 |2 CL-VaPUC |9 326897 | |
| 583 | |a last modification |c 20121220 09:06:35 |k Rodrigo Vera | ||
| 490 | 0 | |a Historia de la Educación, 159 | |
| 999 | |c 326101 |d 326099 | ||
| 952 | |0 0 |1 0 |4 0 |6 370_904000000000000_TRI_2005 |7 0 |8 R |9 407812 |a BIBEDU |b BIBEDU |c MCIRC |d 2019-11-22 |i 4347005 |l 1 |o 370.904 TRI 2005 |p 4347005 |r 2024-06-18 |s 2024-06-11 |w 2019-11-22 |y BK_R |k EBA | ||